| 000 | 00682nam a22001817a 4500 | ||
|---|---|---|---|
| 999 |
_c370761 _d370761 |
||
| 008 | 201130b ||||| |||| 00| 0 eng d | ||
| 040 |
_bger _cDE-2950 _erda _aDE-2950 |
||
| 041 | _ager | ||
| 245 |
_aRiesenandrang vor St. Marien. _bKlassik: Auch das vorletzte Sommerkonzert war ein Besuchermagnet. Statt im Gertraudenpark fand es in der Kirche statt. |
||
| 264 | _c2021 | ||
| 653 | _aFrankfurt (Oder) | ||
| 653 | _aKonzertreihe | ||
| 773 |
_dFrankfurt (Oder): Märkisches Verlags- und Druckhaus GmbH & Co KG _g32. Jahrgang (2021) Nr. 201 vom 30.08.2021, S. 13: Foto _tMärkische Oderzeitung |
||
| 942 | _cA | ||